| 000 | 00653nam a2200217 i 4500 | ||
|---|---|---|---|
| 001 | 58368 | ||
| 003 | ES-MaACL | ||
| 007 | t| | ||
| 008 | 031022s1985 sp ||||1| spa d | ||
| 020 | _a84-86153-47-6 | ||
| 100 | 1 |
_aDurand, Jacques. _946253 |
|
| 245 | 1 | 4 |
_aLas formas de la comunicación / _cJacques Durand ; [traducido por L. Postal]. |
| 260 |
_aBarcelona : _bMitre, _c1985. |
||
| 300 |
_a174 p. ; _c21 cm. |
||
| 490 | 1 | _aCiencias de la Comunicación | |
| 504 | _aBibliografía: p. 167-174. | ||
| 700 | 1 |
_aPosta, L. _993354 |
|
| 830 | 0 |
_aCiencias de la Comunicación _9186832 |
|
| 852 |
_aES-MaACL _jL-9113 _bR.110800 |
||
| 999 |
_c58368 _d58368 |
||